1983: NFL Teams with the Most Points - Statistics

General Stats
  • This quiz has been taken 7 times
  • The average score is 8 of 10
Answer Stats
Number of points NFL Team % Correct
479 Dallas Cowboys
83%
429 Green Bay Packers
83%
389 Miami Dolphins
83%
403 Seattle Seahawks
83%
374 St. Louis Cardinals
83%
541 Washington Redskins
83%
370 Atlanta Falcons
67%
442 Los Angeles Raiders
67%
432 San Francisco 49ers
67%
386 Kansas City Chiefs
50%
No matching quizzes found
Score Distribution
Percent of People with Each Score
Percentile by Number Answered
Your Score History
You have not taken this quiz